Statistics for Increasing Population US State Chain Westward

Click here to take the quiz!

General Stats

  • This quiz has been taken 15 times
  • The average score is 5 of 6

Answer Stats

LongitudeState% Correct
66d 56' 49.3" WMaine
90%
114.14d WCalifornia
80%
69.93d WMassachusetts
80%
71.86d WNew York
80%
80d 1' 51.29" WFlorida
70%
93d 30' 29" WTexas
70%

Score Distribution

Percentile by Number Answered

Percent of People with Each Score

Your Score History

You have not taken this quiz